Leader xxxxxxxxxx
001 __ PCLIS00056169
005 __ 20221121154102.0
010 0_ |a978-986-387-469-0|b平裝|dNT$560
100 __ |a20221028d2022 m y0chiy09 e
101 0_ |achi
102 __ |atw
105 __ |aacgka 000ed
200 1_ |a非情書|e|f朱西甯,劉慕沙著
205 __ |a初版
210 __ |a新北市|cINK印刻文學|d2022.03[民111]
215 0_ |a541面|c圖,像,樂譜,表|d21公分
225 2_ |a文學叢書|v676
225 2_ |a印刻文學|v676
300 __ |a封面副題名: 朱西甯劉慕沙信件
300 __ |a朱西甯本名朱青海, 劉慕沙本名劉惠美
300 __ |a附錄: 朱西甯作品出版年表, 劉慕沙著譯作品出版年表
306 __ |a2022年二刷
410 _0 |12001 |a文學叢書|v676
410 _0 |12001 |a印刻文學|v676
517 1_ |a 朱西甯劉慕沙信件|zchi
606 __ |2cst|a書信
681 __ |a856.186|b8944
681 __ |a863.55|b8944
700 _0 |a朱|b西甯|f1926-1998|4著
701 _0 |a劉|b慕沙|f1935-2017|4著
702 __ |a|b|4
801 _0 |atw|b內湖高中|c20221028|gCCR
|